000 00573nam a22001817a 4500
999 _c190191
_d190191
005 20220720122053.0
010 _aENG-133717
020 _a9789383546138
_c500.00
035 _aEN-117249
037 _bDBAD/PUB
082 _a339.509541
100 _aBaisoya, Nitin
245 _aEconomic Reform and Vision of North East India/
_cNitin Baisoya
260 _aGuwahati
_bMatri Publisher & Distributor
_c2015
270 _aOpp. Brahmaputra Jute Mill A.K. Azad Road
_bGuwahati
_e780001
300 _a248p.:
_c22cm(hbk)
942 _2ddc
_cEN
_h339.509541
_mBAI